<?xml version="1.0" encoding="UTF-8"?>
<marc:record xmlns:marc="http://www.loc.gov/MARC21/slim">
   <marc:leader>00000nam a2200000 a 4500</marc:leader>
   <marc:datafield ind1="1" ind2=" " tag="100">
      <marc:subfield code="a">Rehn, Heidi</marc:subfield>
      <marc:subfield code="4">aut</marc:subfield>
      <marc:subfield code="e">Verfasser/-in</marc:subfield>
   </marc:datafield>
   <marc:datafield ind1=" " ind2=" " tag="653">
      <marc:subfield code="a">Historische Romane und Erzählungen</marc:subfield>
   </marc:datafield>
   <marc:datafield ind1="0" ind2="0" tag="245">
      <marc:subfield code="a">Die Frau des Blauen Reiter</marc:subfield>
   </marc:datafield>
   <marc:datafield ind1="0" ind2="0" tag="245">
      <marc:subfield code="b">Kunst ist ihre Leidenschaft, Franz Marc die Liebe ihres Lebens</marc:subfield>
   </marc:datafield>
   <marc:datafield ind1="0" ind2="0" tag="245">
      <marc:subfield code="c">Rehn, Heidi</marc:subfield>
   </marc:datafield>
   <marc:datafield ind1=" " ind2="1" tag="264">
      <marc:subfield code="a">Berlin</marc:subfield>
      <marc:subfield code="b">Aufbau TB</marc:subfield>
      <marc:subfield code="c">2022</marc:subfield>
   </marc:datafield>
   <marc:datafield ind1="1" ind2=" " tag="490">
      <marc:subfield code="a">Außergewöhnliche Frauen zwischen Aufbruch und Liebe</marc:subfield>
      <marc:subfield code="v">10</marc:subfield>
   </marc:datafield>
   <marc:datafield ind1=" " ind2=" " tag="250">
      <marc:subfield code="a">1. Auflage</marc:subfield>
   </marc:datafield>
   <marc:datafield ind1="1" ind2=" " tag="520">
      <marc:subfield code="a">Angaben aus der Verlagsmeldung 

 Die Frau des Blauen Reiter  : Kunst ist ihre Leidenschaft, Franz Marc die Liebe ihres Lebens  / von Heidi Rehn


            
Maria studiert Malerei, doch sie sucht noch nach ihrem eigenen künstlerischen Weg, als ihr der vier Jahre jüngere Franz Marc begegnet. Franz inspiriert sie. Durch ihn entdeckt sie sich neu, als Malerin und als Liebende. Mit anderen Künstlern gründen sie in München den Blauen Reiter. Als Franz in den Ersten Weltkrieg zieht und fällt, bricht für Maria eine Welt zusammen. In ihrer Trauer glaubt sie, nie wieder malen zu können, und widmet sich ganz seinem Nachlass. Doch dann erinnert sie sich seines eigentlichen Vermächtnisses: ihr Selbstbewusstsein als Künstlerin und als Frau, zu dem er sie ermutigt hat. Und sie wagt einen radikalen Neuanfang. </marc:subfield>
   </marc:datafield>
   <marc:datafield ind1=" " ind2=" " tag="020">
      <marc:subfield code="a">9783746637969</marc:subfield>
      <marc:subfield code="9">9783746637969</marc:subfield>
   </marc:datafield>
   <marc:datafield ind1=" " ind2=" " tag="020">
      <marc:subfield code="a">3746637961</marc:subfield>
      <marc:subfield code="9">3746637961</marc:subfield>
   </marc:datafield>
   <marc:datafield ind1=" " ind2=" " tag="041">
      <marc:subfield code="a">ger</marc:subfield>
   </marc:datafield>
   <marc:datafield ind1="0" ind2=" " tag="490">
      <marc:subfield code="v">10</marc:subfield>
   </marc:datafield>
   <marc:datafield ind1=" " ind2=" " tag="338">
      <marc:subfield code="a">Band</marc:subfield>
   </marc:datafield>
   <marc:datafield ind1=" " ind2=" " tag="300">
      <marc:subfield code="a">399 Seiten</marc:subfield>
   </marc:datafield>
</marc:record>
